01813njm a2200361Ia 450000100060000000300090000600500170001500800410003204000130007304000130008604100130009910000180011210000180013010000380014824500300018625000110021626000110022726000570023830000100029530000290030550001870033450501900052151100180071165000520072970000820078170000950086370000910095870000710104970001050112070000760122570000670130170000830136820943IT-RoPAU20220918181146.0131025s9999 xx 000 0 und d aIT-RoPAU cIT-RoPAU aITALIANO aJannacci Enzo eAutore musica gCodice autore musica SPICS: 10956 aDiscogreve (Lp Smrl 6302) a1a ed. aMILANO bRICORDIc1983 [1a Ed.:1983 - Ed. Lingua Orig.: 1983] aDISCO c39 minuti (Testo: pag.) aCanzone italiana. Cantautore. Biciclette rosa, romanzo, voglia di vivere, giovani, amico, morte, dolore, male, soldato innamorato, dispiacere, neve, innamorarsi, riformatorio, amore. aL'americana - Pensione Italia - Giovane pazza - L'animale (4:00) - Il maiale (4:00) - L'amico (6:00) - O' surdato innamorato (4:00) - Obbligatorio (4:00) - Zan zan le belle rane (3:00) aJannacci Enzo aCANTAUTORE [DISCHI]eCodice MATERIA SPICS: 9950 aJannacci EnzoeAutore testo e musicagCodice autore testo/musica SPICS: 10956 aColombogCodice autore musica SPICS: 16049eAutore musicapL'animale - Il maiale - L'amico aCannio EnricogCodice autore musica SPICS: 13705eAutore musicapO' surdato innamorato aAniellogCodice autore SPICS: 24595eAutorepO' surdato innamorato aCalifano FrancogCodice autore testo/musica SPICS: 16101eAutore testo/musicapO' surdato innamorato aPifferigCodice autore musica SPICS: 24530eAutore musicapObbligatorio aCossu SergiogCodice autore SPICS: 24596eAutorepObbligatorio aBoldigCodice autore musica SPICS: 24531eAutore musicapZan zan le belle rane